MARC

LEADER 00000nam0a2200000 4500
001 99290
005 20231031111632.0
035 |a (RuTPU)RU\TPU\book\106522 
090 |a 99290 
100 |a 20060630d1972 km y0rusy50 ca 
101 0 |a rus 
102 |a RU 
105 |a a z 001zy 
200 1 |a Глинистые минералы и их эволюция терригенных отложениях  |f Г. В. Карпова 
210 |a Москва  |c Недра  |d 1972 
215 |a 174 с.  |c ил. 
320 |a Библиогр.: с. 165-172. 
610 1 |a геология 
610 1 |a минералогия 
610 1 |a глинистые минералы 
610 1 |a горные породы 
610 1 |a обломочные породы 
610 1 |a минералогический состав 
610 1 |a терригенные породы 
675 |a 552.52  |v 3 
675 |a 549  |v 3 
700 1 |a Карпова  |b Г. В.  |g Галина Васильевна 
801 1 |a RU  |b 63413507  |c 20060630  |g PSBO 
801 2 |a RU  |b 63413507  |c 20151205  |g PSBO 
942 |c BK